Les Dentelles aux Fuseaux (Record no. 8110)
[ view plain ]
| 000 -CABECERA | |
|---|---|
| campo de control de longitud fija | 00914nam a2200241 a 4500 |
| 001 - NÚMERO DE CONTROL | |
| campo de control | BRCA_8443 |
| 005 - FECHA Y HORA DE LA ÚLTIMA TRANSACCIÓN | |
| campo de control | 20190320210300.0 |
| 008 - DATOS DE LONGITUD FIJA--INFORMACIÓN GENERAL | |
| campo de control de longitud fija | 111115s19uu----fr-a######---#000-0#fre-# |
| 041 ## - CÓDIGO DE LENGUA | |
| Código de lengua del texto/banda sonora o título independiente | fre |
| 044 ## - CÓDIGO DEL PAÍS DE LA ENTIDAD EDITORA/PRODUCTORA | |
| Código MARC del país | fr |
| 050 #4 - SIGNATURA TOPOGRÁFICA DE LA BIBLIOTECA DEL CONGRESO | |
| Número de clasificación | TT779 |
| Número de documento/Ítem | .D55 1909 |
| 100 1# - ENTRADA PRINCIPAL--NOMBRE DE PERSONA | |
| Nombre de persona | Dillmont, Thérèse de |
| Fechas asociadas al nombre | 1846-1890 |
| 9 (RLIN) | 21138 |
| 245 10 - MENCIÓN DE TÍTULO | |
| Título | Les Dentelles aux Fuseaux |
| Resto del título | 1re série : patrons nos 1-55 pour l´exécution des dentelles |
| Mención de responsabilidad, etc. | [Thérèse de Dillmont]. |
| 260 ## - PUBLICACIÓN, DISTRIBUCIÓN, ETC. | |
| Lugar de publicación, distribución, etc. | [Mulhouse |
| Nombre del editor, distribuidor, etc. | Th. de Dillmont |
| Fecha de publicación, distribución, etc. | 1909] |
| 300 ## - DESCRIPCIÓN FÍSICA | |
| Extensión | 55 patrones (hojas plegables sueltas) |
| Otras características físicas | il. |
| Dimensiones | 23 cm. |
| 440 #0 - MENCIÓN DE SERIE/PUNTO DE ACCESO ADICIONAL--TÍTULO | |
| Título | Bibliothèque D.M.C |
| 9 (RLIN) | 6101 |
| 500 ## - NOTA GENERAL | |
| Nota general | Originalmente este material se compone de 1 libro de 176 p. con 55 patrones, la persona que lo dono solo entrego los 55 patrones |
| 500 ## - NOTA GENERAL | |
| Nota general | Estado físico: encuadernado, enero 2016 |
| 650 14 - PUNTO DE ACCESO ADICIONAL DE MATERIA--TÉRMINO DE MATERIA | |
| Término de materia o nombre geográfico como elemento de entrada | Patrones de encaje |
| 9 (RLIN) | 21139 |
| 650 14 - PUNTO DE ACCESO ADICIONAL DE MATERIA--TÉRMINO DE MATERIA | |
| Término de materia o nombre geográfico como elemento de entrada | Confección |
| 9 (RLIN) | 21140 |
| 653 0# - TÉRMINO DE INDIZACIÓN--NO CONTROLADO | |
| Término no controlado | Encaje de bolillos |
| 942 ## - ELEMENTOS DE PUNTO DE ACCESO ADICIONAL (KOHA) | |
| Fuente del sistema de clasificación o colocación | Library of Congress Classification |
| Tipo de ítem Koha | Libros |
| Estado de retiro | Estado de pérdida | Estado dañado | No para préstamo | Localización permanente | Ubicación/localización actual | Fecha de adquisición | Total de préstamos | Signatura topográfica completa | Código de barras | Fecha visto por última vez | Precio válido a partir de | Tipo de ítem Koha |
|---|---|---|---|---|---|---|---|---|---|---|---|---|
| El ejemplar forma parte de la colección y puede ser consultado según las políticas vigentes. | Biblioteca del Museo Franz Mayer (Rogerio Casas-Alatriste) | Biblioteca del Museo Franz Mayer (Rogerio Casas-Alatriste) | 26/10/2015 | TT779 .D55 1909 | 02907 | 22/03/2019 | 22/03/2019 | Libros |